Identita Evropy

Zamyslenie sa nad fenoménom identity Európy v širšiom kontexte globálneho vývoja. Historický pohľad myšlienky jednoty Európy. Program Európskej únie usiľujúcej sa dať Európe nielen jednotu ale aj vlastnú identitu vychádzajúcu z jej tradície.

Salvato in:
Dettagli Bibliografici
Autore principale: Ort, Alexandr
Natura: Capitolo di libro
Lingua:ceco
Soggetti:
Tags: Aggiungi Tag
Nessun Tag, puoi essere il primo ad aggiungerne!!

MARC

LEADER 00000naa$a2200000$$$4500
001 0043819
005 20231114082326.4
041 0 |a cze 
044 |a CZ 
245 1 0 |a Identita Evropy  |c Alexandr Ort 
520 |a Zamyslenie sa nad fenoménom identity Európy v širšiom kontexte globálneho vývoja. Historický pohľad myšlienky jednoty Európy. Program Európskej únie usiľujúcej sa dať Európe nielen jednotu ale aj vlastnú identitu vychádzajúcu z jej tradície. 
610 2 0 |a Európa 
610 2 0 |a národnosti 
610 2 0 |a Európska únia 
610 2 0 |a identita 
610 2 0 |a história 
610 2 0 |a vývoj spoločenský 
610 2 0 |a politika medzinárodná 
100 1 |a Ort, Alexandr